000 00266nam a2200085Ia 4500
245 0 _aLekgotla : the art of leadership through dialogue
100 _a Liefde, Willem H J de Auckland Park, 2003
_982638
942 _cBK
008 210817s9999 xx 000 0 und d
999 _c299199
_d299198